• 首页
  • 本馆介绍
  • 公告通知
  • 最新文献
  • 馆藏检索
  • 电子资源
  • 读者导购
  • 参考咨询
  • 我的图书馆
  • 登录
  • 详细信息显示
  • 放入我的书架
  • 预约/预借图书
  • 作者相关作品
  • 分类相关作品
  • 丛书相关作品
  • 出版社相关作品

书目信息

  • 表格格式
  • 工作单格式
  • 卡片格式
题名:
销售与口才
    
 
作者: 文斐 编著
分册:  
出版信息: 长春   吉林文史出版社  2019.02
页数: 244页
开本: 21cm
丛书名:
单 册:
中图分类: F713.3 , H019
科图分类:
主题词: 销售--xiao shou--口才学
电子资源:
ISBN: 978-7-5472-5994-8
000 00970nam0 2200241 450
001 CAL 0120192811810
005 20230217093112.0
010    @a978-7-5472-5994-8@dCNY36.80
100    @a20190813d2019 em y0chiy0120 ea
101 0  @achi
102    @aCN@b220000
105    @ay z 000yy
106    @ar
200 1  @a销售与口才@Axiao shou yu kou cai@f文斐编著
210    @a长春@c吉林文史出版社@d2019.02
215    @a244页@d21cm
330    @a本书给读者展现了提升口才能力的实用技巧, 让读者能够有针对性地进行学习训练, 从而脱颖而出, 在销售领域创造出傲人的业绩, 成为优秀的金牌销售员。古希腊著名哲学家亚里士多德曾指出, 要想成功说服别人, 关键在于三点: 人品、感性和理性。人品需要人们在生活中长期修炼, 而融合感性与理性的直观表现便是人的口才能力, 这就需要人们有意识、有目的地进行训练了。
606 0  @a销售@Axiao shou@x口才学
690    @aF713.3@v5
690    @aH019@v5
701  0 @a文斐@Awen fei@4编著
801  0 @aCN@bBJXHZP@c20230228
905    @b1385137-40@dF713.3@e1337@f4
    
    销售与口才/文斐编著.-长春:吉林文史出版社,2019.02
    244页;21cm
    
    
    ISBN 978-7-5472-5994-8:CNY36.80
    本书给读者展现了提升口才能力的实用技巧, 让读者能够有针对性地进行学习训练, 从而脱颖而出, 在销售领域创造出傲人的业绩, 成为优秀的金牌销售员。古希腊著名哲学家亚里士多德曾指出, 要想成功说服别人, 关键在于三点: 人品、感性和理性。人品需要人们在生活中长期修炼, 而融合感性与理性的直观表现便是人的口才能力, 这就需要人们有意识、有目的地进行训练了。
●
相关链接 在E读中查询图书 在五车中查询图书 在当当中查询图书 在豆瓣中查询图书


正题名:销售与口才     索取号:F713.3/1337         预约/预借

序号 登录号 条形码 馆藏地/架位号 状态 备注
1 1385137   213851376   第一样本阅览室/ [索取号:F713.3/1337] 在馆    
2 1385138   213851385   第一借阅区/ [索取号:F713.3/1337] 在馆    
3 1385139   213851394   第一借阅区/ [索取号:F713.3/1337] 在馆    
4 1385140   213851401   第一借阅区/ [索取号:F713.3/1337] 在馆    
唐山师范学院图书馆 欢迎您!
大连网信软件有限公司© 版权所有